Sports Quiz

Random Sports or Letter Quiz

CHELSEA's All Time Top Goalscorers A-Z Quiz Stats

 Plays Quiz not verified by Sporcle

Challenge
Share
Tweet
Embed
Score 0/24 Timer 06:00
0 Plays Today
Initial* Player % Correct
LFrank Lampard
96.3%
ZGianfranco Zola
84.1%
ANicolas Anelka
76.4%
EMichael Essien
55.7%
OPeter Osgood
55.7%
KSalomon Kalou
53.6%
IBranislav Ivanovic
51.7%
TBobby Tambling
49.6%
DKerry Dixon
48.8%
GJimmy Greaves
41.4%
FTore Andre Flo
41.1%
VGianluca Vialli
37.1%
Initial* Player % Correct
PGustavo Poyet
34.7%
BRoy Bentley
26.5%
SDick Spence
19.6%
NPat Nevin
14.3%
RRamires
14.3%
YAlan Young
14.3%
CDiego Costa
13.8%
HGeorge Hilsdon
8.5%
MGeorge Mills
5.8%
JAlex Jackson
4.8%
UFrank Upton
2.7%
WBob Whittingham
2.1%

You're not logged in!

Compare scores with friends on all Sporcle quizzes.
OR
Log In

You Might Also Like...

Show Comments

Extras

Top Quizzes Today


Score Distribution

Your Account Isn't Verified!

In order to create a playlist on Sporcle, you need to verify the email address you used during registration. Go to your Sporcle Settings to finish the process.

Report this User

Report this user for behavior that violates our Community Guidelines.

Details: